Score 0/16 Timer 03:00
0 Plays Today
Word % Correct
Royale
88%
No
85%
Die
81%
Solace
79.5%
Day
77%
Love
73.3%
Gun
66.4%
Service
65.5%
Word % Correct
Kill
64.3%
Enough
59.1%
Twice
58.9%
Me
58.2%
Dies
57.9%
Forever
56.8%
Daylights
47.1%
Only
39.1%

You're not logged in!

Compare scores with friends on all Sporcle quizzes.
OR
Log In

Sporcle TV

Today on Sporcle TV


Watch our educational content, quiz creation guides, and fun videos on Sporcle TV.

Show Comments

Extras

Top Quizzes Today


Score Distribution

Paid Content

Your Account Isn't Verified!

In order to create a playlist on Sporcle, you need to verify the email address you used during registration. Go to your Sporcle Settings to finish the process.

Report this User

Report this user for behavior that violates our Community Guidelines.

Details: